[Event "Giraldilla de La Habana op"]
[Site "Havana"]
[Date "2018.07.29"]
[Round "3"]
[White "Nistal Daisson, Alex"]
[Black "Canda Orta, Jasiel"]
[Result "1/2-1/2"]
[WhiteElo "1774"]
[BlackElo "2021"]
[PlyCount "22"]
[EventDate "2018.07.28"]
[EventType "swiss"]
[EventRounds "9"]
[EventCountry "CUB"]
[SourceTitle "EXT 2021"]
[Source "ChessBase"]
[SourceDate "2020.10.23"]
[SourceVersion "1"]
[SourceVersionDate "2020.10.23"]
[SourceQuality "1"]

1. d4 d5 2. Nf3 Nf6 3. g3 c6 4. Bg2 Bf5 5. 0-0 e6 6. Nbd2 Bd6 7. c4 0-0 8. Qb3 Qb6 9. c5 Qxb3 10. axb3 Bc7 11. h3 Nbd7 1/2-1/2

[Event "Ortega Memorial tt"]
[Site "Havana"]
[Date "2018.05.21"]
[Round "1.3"]
[White "Nistal Daisson, Alex"]
[Black "Martinez Torres, Francesco"]
[Result "1-0"]
[WhiteElo "1807"]
[BlackElo "1856"]
[PlyCount "109"]
[EventDate "2018.05.21"]
[EventType "team-tourn"]
[EventRounds "10"]
[EventCountry "CUB"]
[SourceTitle "EXT 2021"]
[Source "ChessBase"]
[SourceDate "2020.10.23"]
[SourceVersion "1"]
[SourceVersionDate "2020.10.23"]
[SourceQuality "1"]

1. d4 d5 2. Nf3 e6 3. g3 f5 4. Bg2 Nf6 5. Bg5 Bd6 6. 0-0 0-0 7. c4 c6 8. Nc3 Nbd7 9. cxd5 exd5 10. Qc2 h6 11. Qxf5 hxg5 12. Qe6+ Kh8 13. Qxd6 g4 14. Ne5 Qe8 15. e4 Nxe5 16. dxe5 Nxe4 17. Nxe4 dxe4 18. Bxe4 Bf5 19. Bg2 Qe6 20. Qxe6 Bxe6 21. Rfd1 Rad8 22. b3 Kg8 23. Be4 Kf7 24. Rd3 Rxd3 25. Bxd3 Rd8 26. Rd1 Rd5 27. h3 Rxe5 28. hxg4 Bxg4 29. Bc4+ Ke7 30. Rd4 Bf3 31. Rf4 Re1+ 32. Bf1 Bd5 33. f3 Ra1 34. Ra4 a6 35. f4 Kf6 36. Kf2 Rc1 37. Bd3 Rd1 38. Be2 Rd2 39. Ke3 Rc2 40. Kd3 Rb2 41. Ke3 c5 42. Bf3 Ke6 43. g4 Rh2 44. f5+ Ke5 45. Bxd5 Kxd5 46. Kf4 b5 47. Rxa6 c4 48. bxc4+ bxc4 49. Ra7 Rh6 50. Rxg7 Rc6 51. Rd7+ Kc5 52. Rd1 c3 53. g5 c2 54. Rc1 Kd4 55. g6 1-0

[Event "Maria Teresa Mora Memorial op"]
[Site "Havana"]
[Date "2018.??.??"]
[Round "5"]
[White "Perez Marin, Olivia"]
[Black "Nistal Daisson, Alex"]
[Result "1-0"]
[WhiteElo "1831"]
[BlackElo "1627"]
[PlyCount "65"]
[EventDate "2018.03.08"]
[EventType "swiss"]
[EventRounds "9"]
[EventCountry "CUB"]
[SourceTitle "EXT 2021"]
[Source "ChessBase"]
[SourceDate "2020.10.23"]
[SourceVersion "1"]
[SourceVersionDate "2020.10.23"]
[SourceQuality "1"]

1. e4 c6 2. Nf3 d6 3. d4 Nf6 4. Nc3 g6 5. Bc4 Bg7 6. Bf4 0-0 7. 0-0 Bg4 8. h3 Bxf3 9. Qxf3 Nbd7 10. Rad1 Qc7 11. e5 dxe5 12. dxe5 Nh5 13. e6 Qxf4 14. Qxf4 Nxf4 15. exf7+ Kh8 16. Rxd7 b5 17. Bb3 a5 18. a4 b4 19. Nd1 Bf6 20. Re1 Nd5 21. Bxd5 cxd5 22. Rxd5 Rxf7 23. b3 Rc8 24. Ne3 Bc3 25. Re2 e6 26. Rxa5 Bd4 27. Rb5 Bxe3 28. fxe3 Rfc7 29. Rxb4 Rxc2 30. Rxc2 Rxc2 31. a5 Rc7 32. a6 Ra7 33. Rb8+ 1-0